MDQL
is popping MORE tags! Check the
thread
!
Quizzes
Events
Quiz Creation
Community
Videos
Private Events
Remove Ads
Sign In
Join for FREE
Feedback
Dark Mode
Quiz Categories
Sports
Geography
Music
Movies
Television
Just For Fun
Miscellaneous
History
Literature
Language
Science
Gaming
Entertainment
Religion
Holiday
For Kids
Quiz Lab
Recent
Popular Today
Quiz Kudos Today
Editor Picks
Curator Picks
Quizzes by...
Day
Popularity
Type
Ratings
Length
Year
Community
Subscriptions
Recent Discussions
Orange Saloon
Badges
Playlists
Quests
Create
Leaderboards
Showdown
Live 5
Trivia Bingo
Activity
Puzzle Library
Sporcle Events
Private Events
Virtual Trivia
Globe League
Become a Host
Pub Owners
SporcleCon
Opinionation
Our Games
Videos
Blog
Mobile Apps
Partnerships
Remove Ads and Go Orange
Feedback
Music
Pop Music
The Beatles
Song
Album
Lyrics
Bands
Singers
Artist
Clip
Rock
Rap
Classical
Billboard
Country Music
Kpop
Taylor Swift
Music
Pop Music
The Beatles
Song
Album
Lyrics
Bands
Singers
Artist
Clip
Rock
Rap
Classical
Billboard
Country Music
Kpop
Taylor Swift
Random Quiz
Search Sporcle
×
Quiz Lab
Quiz Lab
Music
Song
Type in answers that appear in a list
Type in answers that appear in a list
Classic
Best Score? Go Orange.
Gavin DeGraw: Chariot (lyrics) Stats
Can you name the lyrics to Gavin Degraw's Chariot?
By
moni_lou
10m
205 Questions
437 Plays
437 Plays
437 Plays
Comments
Comments
Give Quiz Kudos
Give Quiz Kudos
-
- Ratings
hide this ad
Replay
Link that replays current quiz
Next Quiz
Link to next quiz in quiz playlist
You Got
0%
They Got
Avg Score
71%
Avg Friend Score
Upgrade to see
Score Distribution
Jump to the score distribution portion of the page
Score
0/205
Timer
10:00
0
Plays Today
% Correct
chariot
97.9%
chariot
97.7%
chariot
97.7%
chariot
97.7%
chariot
97.7%
chariot
97.7%
(Chariot)
97.7%
(Chariot)
97.7%
(Chariot)
97.7%
(Chariot)
97.7%
a
97%
the
97%
and
97%
the
97%
the
97%
the
97%
a
97%
a
97%
the
97%
and
97%
97%
oh
96.1%
oh
96.1%
oh
96.1%
oh
96.1%
oh
95.9%
oh
95.9%
oh
95.9%
I
95.2%
I
95.2%
Your
94.5%
your
94.5%
your
94.5%
your
94.5%
your
94.5%
you
94.5%
you
94.5%
your
94.5%
your
94.5%
your
94.5%
your
94.5%
your
94.5%
your
94.5%
me
90.4%
me
90.4%
me
90.4%
me
90.4%
me
90.4%
me
90.4%
me
90.4%
me
90.4%
me
90.4%
me
90.4%
me
90.4%
me
90.4%
me
90.4%
to
89.9%
to
89.9%
to
89.9%
to
89.9%
golden
86.3%
golden
86%
golden
86%
are
85.4%
are
85.4%
are
85.4%
is
84%
is
84%
is
84%
% Correct
my
82.6%
my
82.6%
my
82.6%
this
81.9%
this
81.9%
this
81.9%
this
81.9%
down
81.7%
down
81.7%
down
81.7%
I'm
81.5%
out
81.5%
I'm
81.5%
out
81.5%
i'm
81.5%
out
81.5%
we
79.9%
give
79.9%
give
79.9%
give
79.9%
Give
79.9%
Give
79.9%
Give
79.9%
Give
79.9%
from
78.9%
from
78.9%
singing
78.7%
loud
78.7%
singing
78.7%
loud
78.7%
singing
78.7%
loud
78.7%
upon
78%
upon
78%
upon
78%
chocolate
76.9%
at
76.4%
covered
76.2%
covered
76.2%
cherries
75.5%
all
75.1%
favorite
74.4%
strength
74.4%
strength
74.4%
strength
74.4%
strength
74.4%
strength
74.4%
strength
74.4%
strength
74.4%
fruit
73.9%
leaf
73.7%
maple
73.5%
watermelon
73.2%
Staring
73%
good
73%
myself
72.1%
nothing
72.1%
said
71.9%
ground
71.9%
seedless
71.2%
guide
71.2%
guide
71.2%
guide
71.2%
tree
70.9%
enough
70.9%
lost
70.5%
waves
70.5%
waves
70.3%
waves
70.3%
% Correct
touch
69.8%
over
69.8%
over
69.8%
over
69.8%
on
67.5%
walking
66.8%
walking
66.8%
walking
66.8%
mother
64.8%
Body
63.2%
body
63.2%
face
61.6%
it
61.6%
face
61.6%
face
61.6%
was
58.8%
rise
57.9%
place
57.4%
of
55.8%
of
55.8%
be
55.8%
what
50.3%
just
49.4%
sun
45.3%
make
45.3%
promise
44.9%
land
44.6%
want
43.9%
energy
43.7%
than
43.5%
earth
43.2%
more
43%
that
42.3%
Remember
42.1%
away
42.1%
know
42.1%
memory
41.9%
leaning
41.4%
sand
41%
vacation
40%
You'll
39.1%
fly
39.1%
moons
38.9%
spread
38.9%
yellow
38.7%
back
38.2%
fields
37.5%
wanna
36.4%
living
36.2%
arms
36.2%
it's
35.9%
it's
35.9%
mirrors
35%
pouring
34.1%
cup
33.9%
holding
30.7%
even
30%
look
29.3%
bringing
28.4%
sides
28.4%
rebirth
24%
made
22.4%
what's
21.5%
seeking
20.6%
rains
16.2%
filled
12.4%
since
3%
Quiz Playlist
Details
Report
Send in Message
Add To Playlist
Classic:
Type in answers that appear in a list
Last Updated: Feb 16, 2017
Quiz Scoreboard
CHALLENGE
Sign Up to Join the Scoreboard
Show All
Scores
Hide
Comments
May contain spoilers
Recently Published
Colored Red Africa Blitz
by spor1
Geography
30s
Find the 'City' Movie
by crazypaving
Movies
60s
5x2 Blitz: Bands
by SL_Kpop136
Music
30s
More to Explore
Quiz From the Vault
Featured Blog Post
14 Easter Pick-up Lines to Find Eggs With
hide this ad
You Might Also Like...
Tags
Lyrics Quiz
Song Quiz
Today's Top Quizzes in Music
Browse Music
hide this ad
Today's Top Quizzes in Song
Browse Song
Top Contributed Quizzes in Music
1
5X2 Blitz: Bands II
2
5X2 Blitz: The Beatles
3
Taylor Swift All Songs (2024)
4
5X2 Blitz: Billboard
5
5X2 Blitz: Billboard II
6
5X2 Blitz: Album
7
Taylor Swift Logic Puzzle II
8
5X2 Blitz: Singers
9
5X2 Blitz: Rock
10
5X2 Blitz: Lyrics
Explore More
Trending Topics
Kpop
Crossword
Disney
Anime
Harry Potter
NBA
Marvel
Song
Pokémon
Puzzle
The Office
Soccer
NFL
WWE
Country
hide this ad
More By:
moni_lou
Quiz
Plays
Rating
Category
Featured
Created
Figure Out the Hairspray! Lyrics
2,818
3.89
Music
Dec 23, 2011
Gavin DeGraw: Chariot (lyrics)
437
3.00
Music
Dec 23, 2011
Go to Creator's Profile
Score Distribution
Quiz Creator Spotlight
moni_lou
Follow
Send a Message
Quizzes Created
-
Created Quiz Play Count
-
More By This Creator
Popular Quizzes Today
1
Colored Red Africa Blitz
2
Find the US States - No Outlines Minefield
3
Find the 'City' Movie
4
5x2 Blitz: Bands
5
The Countries of the World
6
Find the US States
7
Find the Countries of Europe - No Outlines Minefield
8
US States
More Music Quizzes
Countries In Song Titles (Part 2, Medium)
Quiz Lab
Trending Quizzes
Colored Red Europe Blitz I
Colored Red Europe Blitz II
Colored Red Africa Blitz II
Colored Red Europe Blitz III
Colored Red Africa Blitz III
Recently Updated
How Do You Spell That?
pecheneg
Godzilla Movies
pecheneg
Grab Bag: 4-10 Letters
pecheneg
2024 March Madness Bracket
pecheneg
Famous TV Couples
Peacemaker
Champions League XIs: Real Madrid
pecheneg
Largest US Cities 1790-2010
pecheneg
Rides in Walt Disney World
pecheneg
Most Oscar Losses (Acting)
pecheneg
Beyoncé Albums
pecheneg
Trending Topics
NBA
Marvel
Harry Potter
Crossword
Disney
Kpop
Anime
NFL
Puzzle
WWE
The Office
Soccer
Pokémon
Song
Country
Your Account Isn't Verified!
In order to create a playlist on Sporcle, you need to verify the email address you used during registration. Go to your
Sporcle Settings
to finish the process.
Report this User
Report this user for behavior that violates our
Community Guidelines
.
Details:
Send Report
Go to the Sporcle.com Mobile Site →
Comments